00605nam a22001457a 4500003000400000005001700004008004100021040001400062100004700076245016000123260000900283300003000292500010900322504002800431OSt20171010095526.0121002t xxu||||| |||| 00| 0 eng d aMMSUcULS aJose, Francis Paul S., Sadiri, Jeffrey L.  aA Point of sales for the University Food Service Center and marketing Unit of the Mariano Marcos State UniversitycFrancis Paul S. Jose, Jeffrey L. Sadiri  c2008 aix, [141] leaves c28 cm. aThesis (BS Computer Science) -- Mariano Marcos State University-College of Arts and Sciences, Batac City aBibliography: leaves 46